Statistiken für Welche Stadt im Ruhrgebiet?

Klicken Sie hier um das Quiz zu spielen!

Allgemein

  • Dieses Quiz wurde 109 mal gespielt
  • Das Durchschnittsergebnis liegt bei 7 aus 12

Antwortstatistiken

HinweisAnfangsbuchstabeAntwort% Korrekt
Größte Stadt nach EinwohnernDDortmund
99%
Größter Binnenhafen in EuropaDDuisburg
89%
(War) Eine der Größten Bergbau Städte in EuropaGGelsenkirchen
89%
Hier liegt das BergaumuseumBBochum
88%
Hier ist das Westfield CentroOOberhausen
77%
Rhein-….-KanalHHerne
76%
2. Bevölkerungsreichster Kreis in DeutschlandRRecklinghausen
68%
In dieser Stadt beginnt ein weiterer Kanal, der in den Rhein mündetDDatteln
25%
Erste Zechenfreie StadtMMülheim an der Ruhr
23%
Der Erste Teil des Stadtnamens kommt aus dem Lateinischen und heisst übersetzt „Feld“KKamp-Lintfort
18%
Im 9. Jahrhundert unter den Namen „Fliunnia“ gegründetNNeukirchen-Vluyn
4%
Westlichste StadtSSonsbeck
1%

Verteilung der Resultate

Perzentil nach korrekt beantworteten Fragen

Anzahl Personen mit jedem Resultat

Ihre Resultats-Entwicklung

Sie haben dieses Quiz noch nicht gespielt